| 000 | 00823nam a22002297a 4500 | ||
|---|---|---|---|
| 005 | 20240530110547.0 | ||
| 008 | 160608s2013 ua g 000 0 ara d | ||
| 017 |
_a2013/14642 _bمصر . دار الكتب المصرية |
||
| 020 | _a9789774278341 | ||
| 040 | _aEG-CaGPL | ||
| 082 | 0 | 4 |
_221 _a953\ _bخ ك |
| 100 | 0 | _aخالد زيادة . | |
| 245 | 1 | 2 |
_aالكاتب و السلطان : _bمن الفقيه الى المثقف / _cخالد زيادة . |
| 250 | _aط1. | ||
| 260 |
_aالقاهرة : _bالدار المصرية اللبنانية ، _c2013 . |
||
| 300 |
_a309 ص ؛ _c20 سم . |
||
| 650 | 0 | 4 | _aالتاريخ الاسلامى . |
| 650 | 0 | 4 | _aالفقهاء . |
| 651 | 0 | 4 |
_aمصر _xتاريخ _yالعصر الاسلامى . |
| 942 |
_2ddc _cBK |
||
| 999 |
_c62377 _d62377 |
||